000 00689nam a22002537a 4500
003 OSt
005 20210315141853.0
008 180316s2020 dr a 000 0 spa d
020 _a9789945468861 (v. 1)
020 _a9789945468878 (v. 2)
020 _a9789945468885 (v. 3)
020 _a9789945468892 (v. 4)
040 _aDO-SdBNP
_bspa
_cBNPHU
082 _axxx
_bxxx
245 0 0 _aDiente leche /
260 _aSanto Domingo :
_bTobogán,
_c[2020].
300 _a4 v. :
_bil. ;
_c32 cm.
490 1 _aBiografías dominicanas tobogán ;
500 _aLibro para párvulos
521 _aPárvulos
590 _aInventariado,2021/ YL
910 _aYLOCKWARD
942 _2ddc
_cLF2
999 _c49569
_d49569